| 000 -LEADER |
| fixed length control field |
00629nam a22002177a 4500 |
| 003 - CONTROL NUMBER IDENTIFIER |
| control field |
OSt |
| 005 - DATE AND TIME OF LATEST TRANSACTION |
| control field |
20231114151905.0 |
| 008 - FIXED-LENGTH DATA ELEMENTS--GENERAL INFORMATION |
| fixed length control field |
231114b ||||| |||| 00| 0 eng d |
| 020 ## - INTERNATIONAL STANDARD BOOK NUMBER |
| International Standard Book Number |
9789670976006 |
| 040 ## - CATALOGING SOURCE |
| Transcribing agency |
KH8 |
| 082 ## - DEWEY DECIMAL CLASSIFICATION NUMBER |
| Classification number |
400 AHM |
| 100 ## - MAIN ENTRY--PERSONAL NAME |
| Personal name |
Ahmad Zaid Ismail, |
| Relator term |
author. |
| 245 ## - TITLE STATEMENT |
| Title |
Akibat Buruk Jika Mencuri / |
| Statement of responsibility, etc. |
Ahmad Zaid Ismail. |
| 260 ## - PUBLICATION, DISTRIBUTION, ETC. |
| Place of publication, distribution, etc. |
Kelantan ; |
| Name of publisher, distributor, etc. |
Pustaka Sukses, |
| Date of publication, distribution, etc. |
2016. |
| 300 ## - PHYSICAL DESCRIPTION |
| Extent |
24 pages : |
| Other physical details |
color illustrations ; |
| Dimensions |
19 cm x 26 cm. |
| 440 ## - SERIES STATEMENT/ADDED ENTRY--TITLE |
| Title |
Siri Pengajaran Positif |
| 650 ## - SUBJECT ADDED ENTRY--TOPICAL TERM |
| Topical term or geographic name entry element |
Customs |
| Form subdivision |
etiquette |
| 650 ## - SUBJECT ADDED ENTRY--TOPICAL TERM |
| Topical term or geographic name entry element |
Didactic fiction |
| Form subdivision |
Malay |
| 830 ## - SERIES ADDED ENTRY--UNIFORM TITLE |
| Uniform title |
Siri Pengajaran Positif |
| 942 ## - ADDED ENTRY ELEMENTS (KOHA) |
| Source of classification or shelving scheme |
|
| Koha item type |
Teaching Resources |